000 00269nam a22001217a 4500
008 170627b xxu||||| |||| 00| 0 eng d
041 _aeng
080 _a32
100 _a21
101 _aSHP
245 _aPOLITICS ECONOMIC AND WELFARE
_cDAHL.R.A
942 _2udc
_cBK
999 _c19134
_d19134